000 02292nam0a2200385 4500
001 RU\NLR\BIBL_A\016234715
005 20230214190842.0
010 _a978-5-17-151845-5
_92500
021 _aRU
_bКН-П-22-080556
_9КН-П-22-7066
035 _a(NLR Aleph) 016234715
035 _a(RuMoRGB)011373511
090 _a12778045
_c12778045
100 _a20221212d2022 u y0rusy50 ca
101 0 _arus
102 _aRU
105 _aa z 000zy
181 0 _ab3
_bxb2e
181 0 _ai2
_baxxe
182 0 _an
200 1 _aПервая книга малыша
_e[для дошкольного возраста
_fДмитриева Валентина Геннадьевна]
203 _aИзображение
_aТекст
_bвизуальные
_cнепосредственные
210 _aМосква
_cАСТ
_d2022
215 _a62 с.
_cцв. ил.
_d34
225 1 _aСерия "Первая книга с большими картинками"
300 _aАвт. указан в вып. дан.
330 _a"Первая книга малыша" - прекрасно иллюстрированное издание с крупными наглядными картинками и весёлыми развивающими заданиями. Книга станет замечательным подарком для самых маленьких, позволит раскрыть многообразие окружающего мира в понятной и доступной каждому малышу форме, наполнит жизнь ребёнка новыми интересными впечатлениями и полезными знаниями. Для дошкольного возраста
333 _a0+
606 1 _aДети раннего возраста
_jНаглядные пособия
_xРазвивающее обучение
_92186420
_3RU\NLR\AUTH\6601550679
675 _a373.2.025
_v4
686 1 _aЧ491.31-11я7
700 1 _7ca
_8rus
_aДмитриева
_bВ. Г.
_cпедагог-методист, развивающее обучение
_gВалентина Геннадьевна
_942940
_3RU\NLR\AUTH\7760009
942 _cBOOK
980 _aNB